[Event "Bayern-chTT (LL Sued)"]
[Site "Bayern 2008/09"]
[Date "2008.10.05"]
[Round "1.1"]
[White "Straub, Juergen Dr"]
[Black "Pilz, Dieter"]
[Result "1-0"]
[WhiteElo "2187"]
[BlackElo "2298"]
[PlyCount "120"]
[EventDate "2009.03.??"]
[EventType "team-tourn"]
[EventRounds "9"]
[WhiteTeam "Ingolstadt 1"]
[BlackTeam "Weilheim 1"]

1. e4 e5 2. Nf3 Nc6 3. Bb5 Nf6 4. O-O Be7 5. Re1 d6 6. d4 exd4 7. Nxd4 Bd7 8.
Bxc6 bxc6 9. Qf3 O-O 10. Nc3 Re8 11. Bg5 Rb8 12. b3 Rb4 13. Nf5 Bxf5 14. Qxf5
h6 15. Bd2 Bf8 16. a3 Rb8 17. Bf4 Nd7 18. Rad1 Re6 19. Bg3 Qe8 20. f3 Nc5 21.
Qf4 a5 22. Qd2 Ra8 23. Ne2 Re7 24. Nd4 Ra6 25. Nf5 Re6 26. Bf2 Nd7 27. Nd4 Rg6
28. a4 Ne5 29. Qe2 Ra8 30. Bg3 c5 31. Nf5 Nc6 32. Qd3 Re6 33. Bf4 Rb8 34. Ne3
Nb4 35. Qc4 g6 36. Bg3 Bg7 37. c3 Nc6 38. Nd5 Qc8 39. h3 Qb7 40. Rb1 Ree8 41.
f4 Ne7 42. Nxe7+ Rxe7 43. e5 Rbe8 44. exd6 cxd6 45. Rxe7 Rxe7 46. Re1 Bf8 47.
Rxe7 Bxe7 48. Be1 Bf8 49. Kf1 h5 50. Bd2 d5 51. Qb5 Qc7 52. Qd3 Qc6 53. c4 dxc4
54. Qxc4 Bg7 55. Bxa5 Bd4 56. Qd3 Qf6 57. Bd2 Qh4 58. Qf3 Qf6 59. a5 Qf5 60.
Ke2 Qe6+ 1-0

[Event "Bayern-chTT (LL Sued)"]
[Site "Bayern 2008/09"]
[Date "2008.10.05"]
[Round "1.2"]
[White "Bayer, Bernhard"]
[Black "Geberl, Hans Walter"]
[Result "1/2-1/2"]
[WhiteElo "2326"]
[BlackElo "2180"]
[PlyCount "81"]
[EventDate "2009.03.??"]
[EventType "team-tourn"]
[EventRounds "9"]
[WhiteTeam "Weilheim 1"]
[BlackTeam "Ingolstadt 1"]

1. Nf3 g6 2. c4 Bg7 3. Nc3 d6 4. g3 e5 5. Bg2 Nc6 6. d3 Nf6 7. Rb1 a5 8. O-O
O-O 9. a3 Re8 10. e4 h6 11. b4 axb4 12. axb4 Nd7 13. Bd2 Nf8 14. Nd5 Ne7 15.
Ra1 Rxa1 16. Qxa1 c6 17. Nxe7+ Qxe7 18. Re1 Ne6 19. Bc3 f5 20. d4 exd4 21. Nxd4
Nxd4 22. Bxd4 Qf7 23. Bxg7 Qxg7 24. Qxg7+ Kxg7 25. Rd1 Be6 26. Rxd6 Bxc4 27.
Rd7+ Kf6 28. Rxb7 fxe4 29. Rb6 Re6 30. Bf1 Bd3 31. f3 Ke5 32. fxe4 Bxe4 33. Bg2
Bxg2 34. Kxg2 Rd6 35. Kf3 Rd3+ 36. Ke2 Rb3 37. Rxc6 Rxb4 38. Rxg6 Rb2+ 39. Kf3
Rxh2 40. Kg4 Rh1 41. Ra6 1/2-1/2

[Event "Bayern-chTT (LL Sued)"]
[Site "Bayern 2008/09"]
[Date "2008.10.05"]
[Round "1.3"]
[White "Gerstner, Bernhard"]
[Black "De Francesco, Klaus"]
[Result "1/2-1/2"]
[WhiteElo "2155"]
[BlackElo "2252"]
[PlyCount "86"]
[EventDate "2009.03.??"]
[EventType "team-tourn"]
[EventRounds "9"]
[WhiteTeam "Ingolstadt 1"]
[BlackTeam "Weilheim 1"]

1. e4 e6 2. d4 d5 3. Nd2 h6 4. c3 a6 5. Bd3 c5 6. dxc5 Bxc5 7. Ngf3 Nf6 8. O-O
Nc6 9. Qe2 Be7 10. exd5 Nxd5 11. Nc4 Qc7 12. Nce5 Bd6 13. Re1 Nxe5 14. Nxe5
Bxe5 15. Qxe5 Qxe5 16. Rxe5 Bd7 17. Bc4 Bc6 18. Bb3 Rd8 19. Re1 g5 20. f3 Rg8
21. Kf2 h5 22. c4 Nb4 23. Rd1 Rxd1 24. Bxd1 Nd3+ 25. Ke3 Nxc1 26. Rxc1 Ke7 27.
Be2 g4 28. b4 gxf3 29. Bxf3 Bxf3 30. Kxf3 Rg4 31. h3 Rd4 32. Ke3 e5 33. b5 Kd6
34. c5+ Kc7 35. Rf1 axb5 36. Rxf7+ Kc6 37. Rf5 h4 38. Rxe5 Ra4 39. Rh5 Rxa2 40.
Rxh4 Rxg2 41. Kd4 Rc2 42. Rh6+ Kc7 43. Rb6 Rc4+ 1/2-1/2

[Event "Bayern-chTT (LL Sued)"]
[Site "Bayern 2008/09"]
[Date "2008.10.05"]
[Round "1.4"]
[White "Lochte, Thomas"]
[Black "Wurzel, Andre"]
[Result "1-0"]
[WhiteElo "2112"]
[BlackElo "2150"]
[PlyCount "39"]
[EventDate "2009.03.??"]
[EventType "team-tourn"]
[EventRounds "9"]
[WhiteTeam "Weilheim 1"]
[BlackTeam "Ingolstadt 1"]

1. e4 c5 2. Nf3 e6 3. d4 cxd4 4. c3 d3 5. Bxd3 d6 6. Bg5 Nf6 7. e5 dxe5 8. Nxe5
Be7 9. Qa4+ Nfd7 10. Bxe7 Qxe7 11. Nd2 O-O 12. Nxd7 Nxd7 13. Qe4 Nf6 14. Qh4
Qd6 15. Bc2 Rd8 16. O-O-O Bd7 17. Ne4 Qe5 18. Nxf6+ Qxf6 19. Qxh7+ Kf8 20. Rxd7
1-0

[Event "Bayern-chTT (LL Sued)"]
[Site "Bayern 2008/09"]
[Date "2008.10.05"]
[Round "1.6"]
[White "Shahin, Walid"]
[Black "Spiess, Martin"]
[Result "1/2-1/2"]
[WhiteElo "1983"]
[BlackElo "2103"]
[PlyCount "51"]
[EventDate "2009.03.??"]
[EventType "team-tourn"]
[EventRounds "9"]
[WhiteTeam "Weilheim 1"]
[BlackTeam "Ingolstadt 1"]

1. d4 d5 2. Nf3 Nf6 3. e3 c6 4. Bd3 Bg4 5. b3 e6 6. O-O Bd6 7. Nbd2 Nbd7 8. Bb2
O-O 9. Qc1 Qb8 10. h3 Bh5 11. c4 e5 12. dxe5 Nxe5 13. Nxe5 Bxe5 14. cxd5 Nxd5
15. Nc4 Bxb2 16. Qxb2 Nb4 17. Bf5 Rd8 18. a3 Nd5 19. b4 Qc7 20. Qc2 Bg6 21.
Bxg6 hxg6 22. Rac1 Qe7 23. Rfd1 b6 24. Nd2 Rac8 25. Nb3 g5 26. Qc4 1/2-1/2

[Event "Bayern-chTT (LL Sued)"]
[Site "Bayern 2008/09"]
[Date "2008.10.05"]
[Round "1.7"]
[White "Sailer, Wolfgang"]
[Black "Sindermann, Peter(68)"]
[Result "1-0"]
[WhiteElo "2051"]
[BlackElo "1944"]
[PlyCount "77"]
[EventDate "2009.03.??"]
[EventType "team-tourn"]
[EventRounds "9"]
[WhiteTeam "Ingolstadt 1"]
[BlackTeam "Weilheim 1"]

1. d4 b5 2. Nf3 Bb7 3. g3 Nf6 4. Bg2 e6 5. O-O c5 6. a4 b4 7. c4 cxd4 8. Nxd4
Bxg2 9. Kxg2 Qc8 10. b3 Nc6 11. Bb2 Nxd4 12. Qxd4 Qc6+ 13. Kg1 Bc5 14. Qh4 Be7
15. Nd2 h6 16. e4 Rh7 17. e5 g5 18. Qd4 Bc5 19. Qd3 Ng4 20. Qxh7 Ne3 21. Qe4
Nxf1 22. Rxf1 Qc8 23. Qh7 Bf8 24. Bd4 Qc6 25. Qe4 Qc8 26. f4 g4 27. f5 h5 28.
Qf4 Qc7 29. Ne4 O-O-O 30. Qe3 Kb8 31. Bc5 d5 32. exd6 Qc6 33. fxe6 fxe6 34.
Bxa7+ Ka8 35. Qb6 Qd7 36. Nc5 Qc8 37. Qa5 Qc6 38. Qxd8+ Kxa7 39. Qa5+ 1-0

[Event "Bayern-chTT (LL Sued)"]
[Site "Bayern 2008/09"]
[Date "2008.10.05"]
[Round "1.8"]
[White "Kobold, Julius"]
[Black "Zeindlmeier, Thomas"]
[Result "0-1"]
[WhiteElo "1400"]
[BlackElo "1918"]
[PlyCount "78"]
[EventDate "2009.03.??"]
[EventType "team-tourn"]
[EventRounds "9"]
[WhiteTeam "Weilheim 1"]
[BlackTeam "Ingolstadt 1"]

1. e4 c5 2. Nf3 Nc6 3. d4 cxd4 4. Nxd4 Nf6 5. f3 g6 6. Be3 d6 7. Nc3 e6 8. a3
Bd7 9. Qd2 Be7 10. Bd3 Rc8 11. Qf2 O-O 12. O-O Ne5 13. Be2 Nc4 14. Bxc4 Rxc4
15. Nb3 a6 16. g3 b5 17. Bb6 Qb8 18. Na5 Rcc8 19. Ba7 Qa8 20. Rfd1 Bd8 21. Nb3
Qc6 22. e5 dxe5 23. Bc5 Re8 24. Rd6 Qb7 25. Rad1 Bc6 26. Bb4 Bb6 27. Bc5 Bc7
28. R6d2 Bd5 29. Kh1 Qc6 30. h3 a5 31. Be3 a4 32. Nc1 Ba5 33. N1e2 b4 34. axb4
Bxb4 35. Ra1 a3 36. Nxd5 exd5 37. c3 axb2 38. Rxb2 Bxc3 39. Rc1 d4 0-1

[Event "Bayern-chTT (LL Sued)"]
[Site "Bayern 2008/09"]
[Date "2008.10.05"]
[Round "1.1"]
[White "Unger, Michael(60)"]
[Black "Dirr, Ulrich"]
[Result "1-0"]
[WhiteElo "2110"]
[BlackElo "2271"]
[PlyCount "116"]
[EventDate "2009.03.??"]
[EventType "team-tourn"]
[EventRounds "9"]
[WhiteTeam "Sendling 1"]
[BlackTeam "Zugzwang-82 /1"]

1. d4 f5 2. e4 fxe4 3. Nc3 Nf6 4. Bg5 Nc6 5. d5 Ne5 6. Qd4 Nf7 7. Bxf6 exf6 8.
O-O-O Be7 9. Qxe4 O-O 10. Nf3 Nd6 11. Qf4 Rb8 12. g4 Re8 13. Bd3 Nf7 14. Ne4 d6
15. Rhg1 c6 16. g5 f5 17. Nc3 g6 18. h4 Ne5 19. Kb1 Nxf3 20. Qxf3 c5 21. h5 Bf8
22. Bb5 Re5 23. hxg6 hxg6 24. Ne2 Qb6 25. Bd3 Bg7 26. c3 Bd7 27. Nf4 Kf7 28.
Rh1 c4 29. Bxc4 Re4 30. Bb3 Rh8 31. Rxh8 Bxh8 32. Bc2 Rxf4 33. Qxf4 Bxc3 34.
Bb3 Be5 35. Qh4 a5 36. f4 Bg7 37. Rd2 a4 38. Bd1 Qe3 39. Qf2 Qe4+ 40. Bc2 Qh1+
41. Rd1 Qh3 42. Qe2 a3 43. Re1 Bf8 44. Qe3 Qh4 45. bxa3 Kg8 46. Bd1 Bg7 47. Bc2
Bf8 48. Bd3 Qh2 49. Rf1 Qg2 50. Qe2 Qh3 51. Qf3 Qh2 52. Be2 Qh8 53. Rd1 Ba4 54.
Rd3 Qh4 55. Bd1 Bb5 56. Rb3 Ba4 57. Rb4 Bxd1 58. Qxd1 Qxf4 1-0

[Event "Bayern-chTT (LL Sued)"]
[Site "Bayern 2008/09"]
[Date "2008.10.05"]
[Round "1.2"]
[White "Krulich, Roman"]
[Black "Kuenzner, Franz"]
[Result "1/2-1/2"]
[WhiteElo "2201"]
[BlackElo "2279"]
[PlyCount "54"]
[EventDate "2009.03.??"]
[EventType "team-tourn"]
[EventRounds "9"]
[WhiteTeam "Zugzwang-82 /1"]
[BlackTeam "Sendling 1"]

1. e4 c5 2. Nf3 g6 3. c3 Bg7 4. d4 cxd4 5. cxd4 Nf6 6. Nc3 O-O 7. Be2 d5 8. e5
Ne4 9. O-O Nc6 10. Be3 Nxc3 11. bxc3 Bg4 12. Nd2 Bxe2 13. Qxe2 Rc8 14. Rfc1 f6
15. f4 fxe5 16. fxe5 Qd7 17. Rab1 Rc7 18. c4 Rfc8 19. c5 Nd8 20. Nf3 b6 21.
cxb6 Rxc1+ 22. Rxc1 Rxc1+ 23. Bxc1 axb6 24. Qc2 Qc6 25. Qxc6 Nxc6 26. Bd2 b5
27. Kf2 Bf8 1/2-1/2

[Event "Bayern-chTT (LL Sued)"]
[Site "Bayern 2008/09"]
[Date "2008.10.05"]
[Round "1.3"]
[White "Schamberger, Alfons"]
[Black "Krklec, Daniel"]
[Result "0-1"]
[WhiteElo "2162"]
[BlackElo "2100"]
[PlyCount "130"]
[EventDate "2009.03.??"]
[EventType "team-tourn"]
[EventRounds "9"]
[WhiteTeam "Sendling 1"]
[BlackTeam "Zugzwang-82 /1"]

1. Nf3 d5 2. c4 c6 3. cxd5 cxd5 4. g3 Nf6 5. Bg2 g6 6. O-O Bg7 7. d3 O-O 8. Bf4
Nc6 9. Qd2 Ng4 10. d4 Nf6 11. Bh6 Ne4 12. Qe3 Be6 13. Bxg7 Kxg7 14. Nc3 Nxc3
15. Qxc3 Rc8 16. Qd2 Qb6 17. Rfc1 f6 18. e3 Bf7 19. Rc5 e5 20. Rac1 e4 21. Ne1
Be6 22. Bf1 a6 23. a3 Ne7 24. b4 g5 25. Rxc8 Rxc8 26. Rxc8 Nxc8 27. Qc3 Qd6 28.
Be2 Bd7 29. Qc5 Kf7 30. Bd1 b6 31. Qc3 Na7 32. Be2 Bb5 33. Kf1 Qd7 34. Qc2 Nc8
35. Kg2 Nd6 36. Qd1 Kg6 37. Nc2 Qc8 38. Qd2 h5 39. Ne1 Bxe2 40. Qxe2 Qc3 41. h4
gxh4 42. g4 Qc8 43. gxh5+ Kh6 44. Kh2 Nf7 45. f4 Qf5 46. Ng2 Nd6 47. Nxh4 Qxh5
48. Qxh5+ Kxh5 49. Kg3 b5 50. Kh3 f5 51. Kg3 Kh6 52. Ng2 Nc4 53. Kf2 Kg6 54.
Ne1 Nxa3 55. Ke2 Kh5 56. Kf2 Kg4 57. Kg2 Nc4 58. Kf2 a5 59. bxa5 Nxa5 60. Nc2
Nc6 61. Ke2 Kg3 62. Kd2 Kf2 63. Na3 Nxd4 64. exd4 e3+ 65. Kc3 e2 0-1

[Event "Bayern-chTT (LL Sued)"]
[Site "Bayern 2008/09"]
[Date "2008.10.05"]
[Round "1.4"]
[White "Bonacci, Mauro"]
[Black "Nissen, Jens"]
[Result "1/2-1/2"]
[WhiteElo "2113"]
[BlackElo "2106"]
[PlyCount "66"]
[EventDate "2009.03.??"]
[EventType "team-tourn"]
[EventRounds "9"]
[WhiteTeam "Zugzwang-82 /1"]
[BlackTeam "Sendling 1"]

1. e4 c5 2. Nc3 Nc6 3. g3 g6 4. Bg2 Bg7 5. d3 Rb8 6. Nge2 b5 7. O-O b4 8. Nd5
e6 9. Ne3 Nge7 10. f4 Nd4 11. Nxd4 cxd4 12. Nc4 d5 13. Ne5 dxe4 14. dxe4 Qb6
15. Nd3 O-O 16. Bd2 a5 17. b3 Ba6 18. a3 Nc6 19. axb4 Nxb4 20. Bxb4 axb4 21.
Ra4 Bxd3 22. cxd3 Rfc8 23. f5 Bh6 24. Qf3 Rc1 25. fxg6 Rxf1+ 26. Bxf1 hxg6 27.
h4 Qc5 28. Be2 Be3+ 29. Kg2 Kg7 30. Ra1 Rf8 31. Rf1 f5 32. exf5 exf5 33. h5
gxh5 1/2-1/2

[Event "Bayern-chTT (LL Sued)"]
[Site "Bayern 2008/09"]
[Date "2008.10.05"]
[Round "1.5"]
[White "Altmann, Christoph"]
[Black "Beckers, Thomas"]
[Result "1-0"]
[WhiteElo "2056"]
[BlackElo "2000"]
[PlyCount "75"]
[EventDate "2009.03.??"]
[EventType "team-tourn"]
[EventRounds "9"]
[WhiteTeam "Sendling 1"]
[BlackTeam "Zugzwang-82 /1"]

1. d4 f5 2. Bg5 h6 3. Bh4 c5 4. e3 Qb6 5. Nc3 cxd4 6. exd4 Qe6+ 7. Be2 g5 8.
Nf3 gxh4 9. Nxh4 Nf6 10. d5 Qg8 11. Qd3 Na6 12. d6 Nb4 13. Qd1 e6 14. Nb5 Nbd5
15. c4 a6 16. cxd5 axb5 17. dxe6 dxe6 18. Bxb5+ Bd7 19. Qb3 Ra5 20. Bxd7+ Nxd7
21. O-O b6 22. Rfe1 e5 23. Qc2 Qg5 24. Nxf5 Rc5 25. Qe4 Rg8 26. g3 Qg4 27. f4
Kf7 28. b4 Rc3 29. Qd5+ Ke8 30. Rxe5+ Kd8 31. Qa8+ Rc8 32. Re8+ Kxe8 33. Qxc8+
Kf7 34. Qxd7+ Kf6 35. Qh7 Rg6 36. d7 Bc5+ 37. bxc5 Rg8 38. Nxh6 1-0

[Event "Bayern-chTT (LL Sued)"]
[Site "Bayern 2008/09"]
[Date "2008.10.05"]
[Round "1.7"]
[White "Katzer, Joachim"]
[Black "Brychcy, Felix"]
[Result "0-1"]
[WhiteElo "1961"]
[BlackElo "2035"]
[PlyCount "90"]
[EventDate "2009.03.??"]
[EventType "team-tourn"]
[EventRounds "9"]
[WhiteTeam "Sendling 1"]
[BlackTeam "Zugzwang-82 /1"]

1. d4 Nf6 2. c4 g6 3. Nc3 Bg7 4. e4 d6 5. Nge2 O-O 6. Ng3 h5 7. h4 Nc6 8. d5
Ne5 9. Be2 c5 10. Bg5 a6 11. Qd2 Bg4 12. Bxg4 Nfxg4 13. f3 Nxc4 14. Qe2 Nge5
15. O-O b5 16. Rab1 Nd7 17. Qc2 Bd4+ 18. Kh1 Ne3 19. Bxe3 Bxe3 20. Nge2 c4 21.
f4 e5 22. Rf3 exf4 23. Nxf4 Qxh4+ 24. Nh3 Bb6 25. Rf4 Qe7 26. Rbf1 Ne5 27. Qe2
Kg7 28. Nf2 Ng4 29. Nxg4 hxg4 30. g3 Rh8+ 31. Kg2 Raf8 32. Qxg4 Bd4 33. Nd1 Rh5
34. Rf5 Rxf5 35. Rxf5 Rh8 36. Rf4 Rh5 37. Qf3 Be5 38. Rg4 Rg5 39. Ne3 Rxg4 40.
Nxg4 Bxb2 41. Qf4 Be5 42. Qh6+ Kg8 43. Ne3 Bd4 44. Kf3 Qf6+ 45. Ke2 Bxe3 0-1

[Event "Bayern-chTT (LL Sued)"]
[Site "Bayern 2008/09"]
[Date "2008.10.05"]
[Round "1.8"]
[White "Callenberg, Ralf"]
[Black "Taimanov, Alexander"]
[Result "0-1"]
[WhiteElo "2018"]
[BlackElo "2051"]
[PlyCount "68"]
[EventDate "2009.03.??"]
[EventType "team-tourn"]
[EventRounds "9"]
[WhiteTeam "Zugzwang-82 /1"]
[BlackTeam "Sendling 1"]

1. c4 Nf6 2. g3 g6 3. Bg2 Bg7 4. Nc3 e5 5. Nf3 Nc6 6. d4 exd4 7. Nxd4 O-O 8.
O-O Re8 9. e3 h5 10. h3 Ne7 11. e4 d6 12. Be3 Bd7 13. Nf3 Nc6 14. Ng5 Ne5 15.
b3 Bc6 16. Rc1 Nh7 17. Qd2 Nd7 18. Nd5 Ndf8 19. b4 a6 20. Nc3 b6 21. Rce1 Bxc3
22. Qxc3 Nxg5 23. f4 Nxe4 24. Bxe4 Rxe4 25. f5 Qe7 26. Bd4 gxf5 27. Bh8 Qg5 28.
Bf6 Qg6 29. Rxe4 Bxe4 30. Rf4 Nd7 31. Bh4 Ne5 32. Kh2 Re8 33. a4 Qe6 34. c5
Qa2+ 0-1

[Event "Bayern-chTT (LL Sued)"]
[Site "Bayern 2008/09"]
[Date "2008.10.05"]
[Round "1.1"]
[White "Teske, Henrik"]
[Black "Riediger, Martin"]
[Result "1/2-1/2"]
[WhiteElo "2510"]
[BlackElo "2239"]
[PlyCount "37"]
[EventDate "2009.03.??"]
[EventType "team-tourn"]
[EventRounds "9"]
[WhiteTeam "Tegernsee 2"]
[BlackTeam "Rottal 1"]

1. e4 c5 2. Nf3 e6 3. c4 Nc6 4. Nc3 Nd4 5. Nxd4 cxd4 6. Ne2 e5 7. f4 d6 8. d3
g6 9. Ng3 Qh4 10. Qf3 Bh6 11. fxe5 dxe5 12. Be2 Bxc1 13. Rxc1 Nh6 14. O-O Bg4
15. Qf6 Qxf6 16. Rxf6 Bxe2 17. Nxe2 Nf5 18. Ng3 Ke7 19. Rxf5 1/2-1/2

[Event "Bayern-chTT (LL Sued)"]
[Site "Bayern 2008/09"]
[Date "2008.10.05"]
[Round "1.2"]
[White "Webersberger, Johann(82)"]
[Black "Pezerovic, Edin"]
[Result "1/2-1/2"]
[WhiteElo "2228"]
[BlackElo "2432"]
[PlyCount "27"]
[EventDate "2009.03.??"]
[EventType "team-tourn"]
[EventRounds "9"]
[WhiteTeam "Rottal 1"]
[BlackTeam "Tegernsee 2"]

1. d4 Nf6 2. Nf3 e6 3. g3 b6 4. Bg2 Bb7 5. O-O c5 6. c4 cxd4 7. Qxd4 Nc6 8. Qf4
Be7 9. Nc3 O-O 10. b3 Qb8 11. Qxb8 Raxb8 12. Rd1 Rfd8 13. Bb2 d5 14. cxd5
1/2-1/2

[Event "Bayern-chTT (LL Sued)"]
[Site "Bayern 2008/09"]
[Date "2008.10.05"]
[Round "1.3"]
[White "Taeger, Winfried"]
[Black "Bensch, Patrick"]
[Result "1/2-1/2"]
[WhiteElo "2232"]
[BlackElo "2154"]
[PlyCount "118"]
[EventDate "2009.03.??"]
[EventType "team-tourn"]
[EventRounds "9"]
[WhiteTeam "Tegernsee 2"]
[BlackTeam "Rottal 1"]

1. d4 Nf6 2. Nf3 g6 3. c4 Bg7 4. Nc3 d5 5. cxd5 Nxd5 6. Bd2 O-O 7. Rc1 Nb6 8.
Bf4 c6 9. e3 Bg4 10. Be2 N8d7 11. O-O Bxf3 12. Bxf3 e5 13. dxe5 Nxe5 14. Be2
Nbc4 15. Qc2 Nd6 16. Rfd1 Qe7 17. Na4 Rfd8 18. h3 Rac8 19. b4 b5 20. Nc5 Ndc4
21. Qe4 Nd2 22. Qc2 Nec4 23. Nd3 Ne4 24. Ne5 Nxe5 25. Qxe4 Rxd1+ 26. Rxd1 c5
27. bxc5 Qxc5 28. Qb7 Nc4 29. Rd5 Qf8 30. Qxb5 Nb6 31. Rd1 h5 32. Bd6 Qe8 33.
Qxe8+ Rxe8 34. Bc5 Rc8 35. Bb4 Rc2 36. Rd2 Rc1+ 37. Kh2 Be5+ 38. f4 Bf6 39. g4
hxg4 40. hxg4 Nc4 41. Bxc4 Rxc4 42. a3 g5 43. Kg3 gxf4+ 44. exf4 Bd4 45. Kf3
Bb6 46. Bd6 f6 47. Re2 Rd4 48. Re8+ Kf7 49. Re7+ Kf8 50. Re6+ Kf7 51. f5 Rd3+
52. Ke2 Rd4 53. Bb4 Rxg4 54. Bc3 Rf4 55. Rxf6+ Ke7 56. Re6+ Kd7 57. Re5 Bc7 58.
Rc5 Bb6 59. Rb5 Kc6 1/2-1/2

[Event "Bayern-chTT (LL Sued)"]
[Site "Bayern 2008/09"]
[Date "2008.10.05"]
[Round "1.4"]
[White "Wagner, Hans(59)"]
[Black "Gnegel, Boris-Igor"]
[Result "1/2-1/2"]
[WhiteElo "2116"]
[BlackElo "2043"]
[PlyCount "21"]
[EventDate "2009.03.??"]
[EventType "team-tourn"]
[EventRounds "9"]
[WhiteTeam "Rottal 1"]
[BlackTeam "Tegernsee 2"]

1. Nf3 d5 2. g3 Nf6 3. Bg2 g6 4. d3 Bg7 5. O-O O-O 6. c4 dxc4 7. dxc4 Qxd1 8.
Rxd1 Be6 9. Nbd2 a5 10. b3 Na6 11. Bb2 1/2-1/2

[Event "Bayern-chTT (LL Sued)"]
[Site "Bayern 2008/09"]
[Date "2008.10.05"]
[Round "1.5"]
[White "Lettl, Gerhard"]
[Black "Ager, Josef"]
[Result "0-1"]
[WhiteElo "2020"]
[BlackElo "2190"]
[PlyCount "94"]
[EventDate "2009.03.??"]
[EventType "team-tourn"]
[EventRounds "9"]
[WhiteTeam "Tegernsee 2"]
[BlackTeam "Rottal 1"]

1. e4 e5 2. Nf3 Nc6 3. Bb5 a6 4. Ba4 Nf6 5. O-O b5 6. Bb3 Be7 7. Re1 d6 8. h3
O-O 9. c3 Re8 10. Ng5 Rf8 11. Nf3 Re8 12. d4 Bb7 13. a4 Bf8 14. Nbd2 h6 15. Bc2
exd4 16. cxd4 Nb4 17. Bb1 c5 18. d5 Nd7 19. g4 c4 20. b3 Qf6 21. Ra3 c3 22. Nf1
c2 23. Bxc2 Nxc2 24. Qxc2 Qxf3 25. b4 Qf6 26. Qc7 Bc8 27. axb5 Ne5 28. Kg2 Qe7
29. Qc2 Bb7 30. bxa6 Bxa6 31. Ng3 Rec8 32. Qb1 Bb5 33. Rae3 g6 34. Bb2 Nc4 35.
Rb3 Nxb2 36. Qxb2 Bg7 37. Qd2 Bc4 38. Rbb1 Ra2 39. Qe3 Bb5 40. Rbc1 Rxc1 41.
Rxc1 Qa7 42. Rc8+ Kh7 43. Qf4 Be5 44. Qf3 Bd4 45. Nh1 Bf1+ 46. Kg1 Be2 47. Qf4
Be5 0-1

[Event "Bayern-chTT (LL Sued)"]
[Site "Bayern 2008/09"]
[Date "2008.10.05"]
[Round "1.6"]
[White "Schwarzmeier, Klaus"]
[Black "Steiner, Marcus(69)"]
[Result "1-0"]
[WhiteElo "2149"]
[BlackElo "1990"]
[PlyCount "123"]
[EventDate "2009.03.??"]
[EventType "team-tourn"]
[EventRounds "9"]
[WhiteTeam "Rottal 1"]
[BlackTeam "Tegernsee 2"]

1. c4 c5 2. Nc3 Nf6 3. g3 g6 4. Bg2 Bg7 5. a3 Nc6 6. Rb1 a5 7. Nf3 O-O 8. O-O
d6 9. Ne1 e5 10. d3 Ne8 11. Nc2 Nc7 12. Ne3 Rb8 13. Ned5 Nxd5 14. Bxd5 Bh3 15.
Re1 Qd7 16. Bd2 Be6 17. Qa4 Ra8 18. Bg2 Rfb8 19. Nd5 Qd8 20. Qd1 Bd7 21. b4
cxb4 22. axb4 axb4 23. Nxb4 Nxb4 24. Rxb4 Bc6 25. Qb3 Qd7 26. Bxc6 Qxc6 27. Rb1
Bf8 28. Rb6 Qa4 29. Be3 Qxb3 30. R6xb3 Ra2 31. R3b2 Ra6 32. Rxb7 Rxb7 33. Rxb7
Kg7 34. Ra7 Rxa7 35. Bxa7 Kf6 36. e4 Ke6 37. Kf1 Bh6 38. d4 exd4 39. Bxd4 Bd2
40. Ke2 Ba5 41. Kd3 f5 42. f3 h5 43. h3 Be1 44. g4 fxg4 45. fxg4 hxg4 46. hxg4
Bh4 47. Ke3 Bg3 48. Bg7 Be1 49. Kf4 Bd2+ 50. Kf3 Ba5 51. Bd4 Bd2 52. Be3 Bc3
53. Kf4 Bf6 54. Bb6 Bc3 55. Kg5 Ke5 56. Bc7 Bb4 57. Kxg6 Kxe4 58. g5 Kd3 59.
Kf7 Kxc4 60. g6 Bc3 61. Bxd6 Kd5 62. Be7 1-0

[Event "Bayern-chTT (LL Sued)"]
[Site "Bayern 2008/09"]
[Date "2008.10.05"]
[Round "1.7"]
[White "Leckner, Horst"]
[Black "Walch, Ingo(73)"]
[Result "0-1"]
[WhiteElo "1966"]
[BlackElo "1974"]
[PlyCount "78"]
[EventDate "2009.03.??"]
[EventType "team-tourn"]
[EventRounds "9"]
[WhiteTeam "Tegernsee 2"]
[BlackTeam "Rottal 1"]

1. e4 c5 2. Nf3 e6 3. c3 Nf6 4. e5 Nd5 5. Be2 d6 6. O-O dxe5 7. Nxe5 Be7 8. d4
cxd4 9. Bb5+ Bd7 10. Nxd7 Nxd7 11. Qxd4 O-O 12. Rd1 N7f6 13. Qc4 a6 14. Ba4 b5
15. Qe2 bxa4 16. c4 Qc7 17. cxd5 Nxd5 18. Bd2 Bf6 19. Rc1 Qb7 20. Bc3 Rfc8 21.
Qf3 Rab8 22. Qd1 Nf4 23. Qf1 Rc5 24. g3 Nd5 25. Bxf6 Rxc1 26. Qxc1 Nxf6 27. Nc3
Qxb2 28. Nxa4 Qd4 29. Nc3 Rc8 30. Rb1 h6 31. Qa3 Qxc3 32. Qxa6 Qc6 33. Rb6 Qc1+
34. Kg2 Nd5 35. Rb7 Qc2 36. Qa7 Qe4+ 37. Kh3 Qf5+ 38. Kg2 h5 39. h4 Qe4+ 0-1

[Event "Bayern-chTT (LL Sued)"]
[Site "Bayern 2008/09"]
[Date "2008.10.05"]
[Round "1.8"]
[White "Hackbarth, Wolfgang"]
[Black "Leckner, Thomas Dr"]
[Result "1/2-1/2"]
[WhiteElo "2120"]
[BlackElo "1759"]
[PlyCount "35"]
[EventDate "2009.03.??"]
[EventType "team-tourn"]
[EventRounds "9"]
[WhiteTeam "Rottal 1"]
[BlackTeam "Tegernsee 2"]

1. c4 c6 2. d4 d5 3. e3 Nf6 4. Nc3 e6 5. Bd3 dxc4 6. Bxc4 b5 7. Bd3 Bb7 8. Nf3
a6 9. O-O Be7 10. a3 c5 11. dxc5 Bxc5 12. b4 Be7 13. Bb2 O-O 14. Qe2 Nbd7 15.
Rfd1 Qb6 16. Rac1 Rfd8 17. e4 Rac8 18. Bb1 1/2-1/2

[Event "Bayern-chTT (LL Sued)"]
[Site "Bayern 2008/09"]
[Date "2008.10.05"]
[Round "1.1"]
[White "Umansky, Mikhail(52)"]
[Black "Safyanowsky, Mark"]
[Result "1/2-1/2"]
[WhiteElo "2438"]
[BlackElo "2256"]
[PlyCount "50"]
[EventDate "2009.03.??"]
[EventType "team-tourn"]
[EventRounds "9"]
[WhiteTeam "Haunstetten 1"]
[BlackTeam "Dillingen 1"]

1. d4 Nf6 2. c4 e6 3. g3 d5 4. Bg2 dxc4 5. Nf3 Bd7 6. Ne5 Bc6 7. Nxc6 Nxc6 8.
O-O Qd7 9. Nc3 Nxd4 10. Bxb7 Rb8 11. Bg2 Be7 12. e3 Nb5 13. Qe2 Nxc3 14. bxc3
Qa4 15. e4 e5 16. f4 Bd6 17. fxe5 Bxe5 18. Bf4 Rb5 19. Rab1 O-O 20. Rb4 Rxb4
21. Bxe5 Rb6 22. Bd4 Re6 23. e5 Nd7 24. Bd5 c5 25. Bxe6 fxe6 1/2-1/2

[Event "Bayern-chTT (LL Sued)"]
[Site "Bayern 2008/09"]
[Date "2008.10.05"]
[Round "1.2"]
[White "Billing, Christian"]
[Black "Schnelzer, Reinhold Dr"]
[Result "1-0"]
[WhiteElo "2191"]
[BlackElo "2246"]
[PlyCount "31"]
[EventDate "2009.03.??"]
[EventType "team-tourn"]
[EventRounds "9"]
[WhiteTeam "Dillingen 1"]
[BlackTeam "Haunstetten 1"]

1. e4 d5 2. exd5 Qxd5 3. Nc3 Qd6 4. d4 Nf6 5. Bd3 c6 6. Nge2 Bg4 7. O-O e6 8.
f3 Bh5 9. Ne4 Qd8 10. Nxf6+ gxf6 11. Bf4 Bd6 12. Qd2 Qc7 13. Bxd6 Qxd6 14. Qh6
Bg6 15. Bxg6 fxg6 16. Qg7 1-0

[Event "Bayern-chTT (LL Sued)"]
[Site "Bayern 2008/09"]
[Date "2008.10.05"]
[Round "1.3"]
[White "Wolf, Armin(61)"]
[Black "Baeuml, Ulrich"]
[Result "0-1"]
[WhiteElo "2131"]
[BlackElo "2082"]
[PlyCount "64"]
[EventDate "2009.03.??"]
[EventType "team-tourn"]
[EventRounds "9"]
[WhiteTeam "Haunstetten 1"]
[BlackTeam "Dillingen 1"]

1. e4 c5 2. Nf3 e6 3. c3 Nf6 4. d3 Nc6 5. Nbd2 Be7 6. Be2 O-O 7. O-O d5 8. Re1
Qc7 9. Bf1 dxe4 10. dxe4 e5 11. Qc2 a6 12. a4 Be6 13. Bc4 Bxc4 14. Nxc4 Rfd8
15. a5 Rab8 16. h3 h6 17. Be3 Bf8 18. Nfd2 Nd4 19. Qa4 Ne6 20. Nb6 Nf4 21. Bxf4
exf4 22. Nf3 g5 23. Qc4 Qc6 24. Re2 Qe6 25. Qa4 Rd3 26. Rae1 Rxf3 27. gxf3 Qxh3
28. Nd5 Ng4 29. fxg4 Qxg4+ 30. Kf1 Qh3+ 31. Kg1 f3 32. Ne3 Bd6 0-1